<?xml version="1.0" encoding="UTF-8"?>
<record
    xmlns:xsi="http://www.w3.org/2001/XMLSchema-instance"
    xsi:schemaLocation="http://www.loc.gov/MARC21/slim http://www.loc.gov/standards/marcxml/schema/MARC21slim.xsd"
    xmlns="http://www.loc.gov/MARC21/slim">

  <leader>01594nam a22003017a 4500</leader>
  <controlfield tag="003">NALT</controlfield>
  <controlfield tag="005">20251125232730.0</controlfield>
  <controlfield tag="008">      s2534    th                  tha d</controlfield>
  <datafield tag="020" ind1=" " ind2=" ">
    <subfield code="a">9748866254</subfield>
  </datafield>
  <datafield tag="040" ind1=" " ind2=" ">
    <subfield code="a">NALT</subfield>
  </datafield>
  <datafield tag="041" ind1=" " ind2=" ">
    <subfield code="a">tha</subfield>
  </datafield>
  <datafield tag="050" ind1=" " ind2=" ">
    <subfield code="a">BQ 1541 </subfield>
    <subfield code="b">&#xE2A;868&#xE04; 2534</subfield>
  </datafield>
  <datafield tag="100" ind1="0" ind2=" ">
    <subfield code="a">&#xE2A;&#xE38;&#xE25;&#xE31;&#xE01;&#xE29;&#xE13;&#xE4C; &#xE28;&#xE34;&#xE27;&#xE23;&#xE31;&#xE01;&#xE29;&#xE4C;</subfield>
    <subfield code="9">77</subfield>
  </datafield>
  <datafield tag="245" ind1="1" ind2="0">
    <subfield code="a">&#xE04;&#xE27;&#xE32;&#xE21;&#xE40;&#xE02;&#xE49;&#xE32;&#xE43;&#xE08;&#xE43;&#xE19;&#xE40;&#xE23;&#xE37;&#xE48;&#xE2D;&#xE07;&#xE1E;&#xE23;&#xE30;&#xE40;&#xE08;&#xE49;&#xE32;&#xE2D;&#xE42;&#xE28;&#xE01;&#xE41;&#xE25;&#xE30;&#xE2D;&#xE42;&#xE28;&#xE01;&#xE32;&#xE27;&#xE17;&#xE32;&#xE19; /</subfield>
    <subfield code="c">&#xE2A;&#xE38;. &#xE28;&#xE34;&#xE27;&#xE23;&#xE31;&#xE01;&#xE29;&#xE4C; &#xE41;&#xE1B;&#xE25;&#xE41;&#xE25;&#xE30;&#xE40;&#xE23;&#xE35;&#xE22;&#xE1A;&#xE40;&#xE23;&#xE35;&#xE22;&#xE07;&#xE1E;&#xE23;&#xE49;&#xE2D;&#xE21;&#xE20;&#xE32;&#xE04;&#xE1C;&#xE19;&#xE27;&#xE01;&#xE08;&#xE32;&#xE01;&#xE23;&#xE36;&#xE01;&#xE2D;&#xE42;&#xE28;&#xE01; &#xE42;&#xE14;&#xE22; &#xE1E;&#xE23;&#xE30;&#xE40;&#xE17;&#xE40;&#xE27;&#xE17;&#xE35; (&#xE1B;&#xE23;&#xE30;&#xE22;&#xE38;&#xE17;&#xE18;&#xE4C; &#xE1B;&#xE22;&#xE38;&#xE15;&#xE3A;&#xE42;&#xE15;) &#xE41;&#xE1B;&#xE25;.</subfield>
  </datafield>
  <datafield tag="250" ind1=" " ind2=" ">
    <subfield code="a">&#xE1E;&#xE34;&#xE21;&#xE1E;&#xE4C;&#xE04;&#xE23;&#xE31;&#xE49;&#xE07;&#xE17;&#xE35;&#xE48; 2</subfield>
  </datafield>
  <datafield tag="260" ind1=" " ind2=" ">
    <subfield code="a">&#xE01;&#xE23;&#xE38;&#xE07;&#xE40;&#xE17;&#xE1E;&#xE2F; : </subfield>
    <subfield code="b">&#xE28;&#xE39;&#xE19;&#xE22;&#xE4C;&#xE44;&#xE17;&#xE22;-&#xE18;&#xE34;&#xE40;&#xE1A;&#xE15;, </subfield>
    <subfield code="c">2534.</subfield>
  </datafield>
  <datafield tag="300" ind1=" " ind2=" ">
    <subfield code="a">272 &#xE2B;&#xE19;&#xE49;&#xE32; :</subfield>
    <subfield code="b">&#xE20;&#xE32;&#xE1E;&#xE1B;&#xE23;&#xE30;&#xE01;&#xE2D;&#xE1A; ;</subfield>
    <subfield code="c">21 &#xE0B;&#xE21;.</subfield>
  </datafield>
  <datafield tag="600" ind1="0" ind2="4">
    <subfield code="9">57995</subfield>
    <subfield code="a">&#xE2D;&#xE42;&#xE28;&#xE01;&#xE21;&#xE2B;&#xE32;&#xE23;&#xE32;&#xE0A;, </subfield>
    <subfield code="c">&#xE1E;&#xE23;&#xE30;&#xE40;&#xE08;&#xE49;&#xE32;</subfield>
    <subfield code="x">&#xE1E;&#xE23;&#xE30;&#xE23;&#xE32;&#xE0A;&#xE1B;&#xE23;&#xE30;&#xE27;&#xE31;&#xE15;&#xE34;</subfield>
  </datafield>
  <datafield tag="650" ind1=" " ind2="4">
    <subfield code="a">&#xE08;&#xE32;&#xE23;&#xE36;&#xE01;&#xE2D;&#xE42;&#xE28;&#xE01;</subfield>
    <subfield code="9">5446</subfield>
  </datafield>
  <datafield tag="650" ind1=" " ind2="4">
    <subfield code="a">&#xE08;&#xE32;&#xE23;&#xE36;&#xE01;</subfield>
    <subfield code="9">52460</subfield>
    <subfield code="z">&#xE2D;&#xE34;&#xE19;&#xE40;&#xE14;&#xE35;&#xE22;</subfield>
  </datafield>
  <datafield tag="650" ind1="0" ind2="4">
    <subfield code="a">&#xE2D;&#xE42;&#xE28;&#xE01;&#xE32;&#xE27;&#xE17;&#xE32;&#xE19;</subfield>
    <subfield code="9">5448</subfield>
  </datafield>
  <datafield tag="700" ind1="0" ind2=" ">
    <subfield code="a">&#xE2A;. &#xE28;&#xE34;&#xE27;&#xE23;&#xE31;&#xE01;&#xE29;&#xE4C;</subfield>
    <subfield code="9">15269</subfield>
  </datafield>
  <datafield tag="700" ind1="0" ind2=" ">
    <subfield code="9">53946</subfield>
    <subfield code="a">&#xE1E;&#xE23;&#xE30;&#xE40;&#xE17;&#xE1E;&#xE40;&#xE27;&#xE17;&#xE35; (&#xE1B;&#xE23;&#xE30;&#xE22;&#xE38;&#xE17;&#xE18;&#xE4C; &#xE1B;&#xE22;&#xE38;&#xE15;&#xE3A;&#xE42;&#xE15;)</subfield>
  </datafield>
  <datafield tag="850" ind1=" " ind2=" ">
    <subfield code="a">NALT</subfield>
  </datafield>
  <datafield tag="856" ind1="4" ind2="0">
    <subfield code="u">https://hdl.handle.net/20.500.14156/361273</subfield>
  </datafield>
  <datafield tag="942" ind1=" " ind2=" ">
    <subfield code="c">GB</subfield>
    <subfield code="2">lcc</subfield>
  </datafield>
  <datafield tag="998" ind1=" " ind2=" ">
    <subfield code="b">Narumon Suwan</subfield>
    <subfield code="b">phon</subfield>
    <subfield code="c">ben</subfield>
    <subfield code="j">8</subfield>
    <subfield code="k"> &#xE19;&#xE32;&#xE22;&#xE1A;&#xE31;&#xE13;&#xE11;&#xE34;&#xE15;  &#xE2D;&#xE38;&#xE17;&#xE32;&#xE27;&#xE07;&#xE04;&#xE4C;</subfield>
  </datafield>
  <datafield tag="999" ind1=" " ind2=" ">
    <subfield code="c">112</subfield>
    <subfield code="d">112</subfield>
  </datafield>
  <datafield tag="952" ind1=" " ind2=" ">
    <subfield code="0">0</subfield>
    <subfield code="1">0</subfield>
    <subfield code="2">lcc</subfield>
    <subfield code="4">0</subfield>
    <subfield code="7">0</subfield>
    <subfield code="8">CGBL</subfield>
    <subfield code="a">NALT</subfield>
    <subfield code="b">NALT</subfield>
    <subfield code="c">GEN</subfield>
    <subfield code="d">2022-08-03</subfield>
    <subfield code="l">2</subfield>
    <subfield code="m">1</subfield>
    <subfield code="o">BQ 1541 &#xE2A;868&#xE04; 2534</subfield>
    <subfield code="p">3961100362</subfield>
    <subfield code="r">2024-04-04 00:00:00</subfield>
    <subfield code="s">2024-03-21</subfield>
    <subfield code="w">2017-06-09</subfield>
    <subfield code="y">GB</subfield>
  </datafield>
</record>
